000 00863cac a2200241 a 4500
003 CO-PeBPM
005 20260312105936.0
008 231129s1986||||ck ||||||||||||| ||spa||
040 _aCO-PeBPM
_bspa
_cCO-PeBPM
_erda
041 _aspa
082 0 4 _a170 G643e
_222
100 1 _aGonzalez Alvarez, Luis Jose
_eautor
245 1 0 _aEtica latinoamericana
_c/ Luis José González Álvarez
264 _aBogotá, Colombia
_b: Universidad Santo Tomás. Centro de Enseñanza Desescolarizada
_c, 1986
300 _a326 paginas
_c21 centimetros
490 _aFilosofía a distancia
500 _aIncluye índice y apéndice
500 _aContiene bibliografía al final del texto
650 1 7 _aConducta (Ética)
_2LEMB
650 1 7 _aÉtica latinoamericana
_2LEMB
942 _2ddc
_cBK
999 _c13696
_d13696